Virtuální polytechnická knihovna - Souborný katalog - Úplný záznam dokumentu - MARC Uživatel: --- 
-----nas  22-----zu 4500
001 SKVPK0031870
003 CZ-VPK
005 20260422135450.0
008 260422d18631867||||| | |||  ||   |||||||
022   $a1728-435X
040   $aABA013$bcze
222  0$aOesterreichische Revue
245 00$aOesterreichische Revue
260   $aRakousko :$bWien : Carl Gerold's Sölner,$c1863-1867
650 07$apolitologie$xpl$2psh
650 07$asociologie$xso$2psh
785 00$tOesterreichisch-Ungarische Revue$x1728-4368
910   $aABA013$r1863-1867
OAI-PMH
 pátek 15.05.2026 11:51:13 © 2001-2015 Národní technická knihovna 

[Virtuální polytechnická knihovna] [Servisní centrum] [Souborný katalog]